000 00451nam a22001817a 4500
003 MPLRDC
005 20220104143148.0
008 210129b ||||| |||| 00| 0 eng d
020 _a962-17-3756-7
082 _a857.7 ZMXH v.15
100 _a季莹
245 _a跟往事说再见
_c
260 _a
_b博益出版集团有限公司
_c1997
300 _b
490 _a周末邂逅. 15
650 _a长篇小说
942 _cBK
_o857.7 ZMXH v.15
999 _c37228
_d37218